Daňové abc Preddavok na daň a daň z príjmov fyzických osôb
Čo je preddavok na daň a v ktorých prípadoch sa platí podľa zákona č.286/1992 Zb. o daniach z príjmov v znení neskorších predpisov. Vysporiadanie dane z príjmov.
Salvato in:
| Autore principale: | |
|---|---|
| Natura: | Capitolo di libro |
| Lingua: | slovacco |
| Soggetti: | |
| Tags: |
Nessun Tag, puoi essere il primo ad aggiungerne!!
|
MARC
| LEADER | 00000naa a2200000 4500 | ||
|---|---|---|---|
| 001 | r016725 | ||
| 005 | 20221213100110.2 | ||
| 041 | 0 | |a slo | |
| 044 | |a SK | ||
| 245 | 1 | 0 | |a Daňové abc |b Preddavok na daň a daň z príjmov fyzických osôb |c Dagmar Piršelová |
| 520 | |a Čo je preddavok na daň a v ktorých prípadoch sa platí podľa zákona č.286/1992 Zb. o daniach z príjmov v znení neskorších predpisov. Vysporiadanie dane z príjmov. | ||
| 610 | 2 | 0 | |a dane z príjmov |
| 610 | 2 | 0 | |a osoby fyzické |
| 610 | 2 | 0 | |a predpisy právne |
| 610 | 2 | 0 | |a zákony |
| 610 | 2 | 0 | |a Slovensko |
| 610 | 2 | 0 | |a 1992 |
| 610 | 2 | 0 | |a 1995 |
| 100 | 1 | |a Piršelová, Dagmar | |